What's the Main Ingredient? - Statistics

General Stats
  • This quiz has been taken 541 times
  • The average score is 13 of 20
Answer Stats
Food Ingredient % Correct
Guacamole Avocado
99%
Hamburger Beef
92%
Hummus Chickpea
89%
Gnocchi Potato
87%
Tofu Soybean
84%
Frittata Egg
79%
Kimchi Cabbage
78%
Gazpacho Tomato
78%
Coq au Vin Chicken
77%
Borscht Beet
65%
Marzipan Almond
59%
Satay sauce Peanut
54%
Moussaka Eggplant
52%
Grits Corn
51%
Tahini Sesame
51%
Tapenade Olive
49%
Congee Rice
47%
Wienerschnitzel Veal
46%
Masoor dal Lentil
44%
Macaroon Coconut
37%
No matching quizzes found
Score Distribution
Percent of People with Each Score
Percentile by Number Answered
Your Score History
You have not taken this quiz